000 00503nam a22001697a 4500
005 20240812084044.0
008 240812b |||||||| |||| 00| 0 eng d
020 _a9781485100164
041 _aEnglish
082 _a349 SOU
100 _lEnglish
245 _aJuta's Index and Annotations to the South African Law Reports
260 _aCape Town:
_bJuta and Company Ltd,
_c2012
300 _b214 pages;
_c25 cm.
650 _aLegal practice
_bLaw
942 _cBK
_6ALISON_BN_VRIES
999 _c2577
_d2577